Úspešný jubilant

Bibliographic Details
Main Author: Braunová, Oľga (Author)
Format: Article
Language:Slovak
PhysicalDescription:Fotogr.
ISSN:1336-3697
Subjects:

MARC

LEADER 00000nab a2200000 a 4500
001 vtls009188524
003 SK-MaSNL
005 20260303044131.0
008 080304 2008 xo w 000 0 slo
038 |a LVTK 
040 |a LVTK  |b slo  |e AACR2  |c LVTK 
041 1 |a slo 
044 |a xo  |c SK 
080 |a 061.2  |2 2001 
080 |a 026/027  |2 2001 
100 1 |a Braunová, Oľga  |4 aut  |9 1032628 
245 1 0 |a Úspešný jubilant  |c Oľga Braunová 
300 |b Fotogr. 
610 2 7 |a Tekovská knižnica (Levice, Slovensko)  |2 lvtk  |9 33815 
610 2 7 |a Kardiofyto-fit krúžok (Levice, Slovensko)  |2 lvtk  |9 1032629 
650 0 7 |a výročie založenia 15.  |2 lvtk  |9 877804 
650 0 7 |a podujatia  |2 snkbucl  |9 405652 
651 7 |a Levice (Slovensko)  |2 snkph  |9 55713 
773 1 |t Prima  |g Roč. 16, č. 10 (2008), s. 5  |x 1336-3697 
852 |a LVTK  |b KIS3GCP 
999 |c 1699343  |d 1701273